[Event "Canadian op"]
[Site "Kapuskasing"]
[Date "2004.07.12"]
[Round "4"]
[White "Jonkman, Harmen"]
[Black "Mikhalevski, Victor"]
[Result "0-1"]
[WhiteElo "2425"]
[BlackElo "2551"]
[Annotator "Mikhalevski,V"]
[PlyCount "77"]
[EventDate "2004.07.10"]
[EventType "swiss"]
[EventRounds "10"]
[EventCountry "CAN"]
[SourceTitle "CBM 101 Extra"]
[Source "ChessBase"]
[SourceDate "2004.09.01"]
[SourceVersion "2"]
[SourceVersionDate "2004.09.01"]
[SourceQuality "1"]

1. e4 e5 2. Nf3 Nc6 3. Bb5 a6 4. Ba4 Nf6 5. O-O Nxe4 6. d4 b5 7. Bb3 d5 8. dxe5
Be6 9. Nbd2 Nc5 10. c3 Be7 11. Bc2 d4 {In this line Black tries to equalize by
simplifying the position.} 12. cxd4 {White chooses a safe way to fight for
advantage. His chances in the arising endgame are slightly higher.} ({The main
alternative is} 12. Nb3 d3 13. Bb1 $5 {with complicated play.} ({Another
slightly better for White endgame arises after} 13. Nxc5 dxc2 14. Qxd8+ Rxd8
15. Nxe6 fxe6 16. Be3 Rd5 17. c4 bxc4 18. Rac1 Nxe5 19. Nxe5 Rxe5 20. Rxc2 $14
{Svidler-Bologan, Aeroflot open 2003/CBM94[Postny]})) (12. Ne4 d3 {see 12.Nb3.}
) 12... Nxd4 13. Nxd4 Qxd4 14. Nf3 Qxd1 15. Rxd1 Nd7 $5 $146 {A novelty I
found during the game. I had a feeling that the knight is doing nothing on c5.
At the same time I would like to see my c-pawn occupies this square.
Additionally I restrict activity of the f3-knight which is now tied to the
e5-pawn.} ({Earlier black tried three other options} 15... O-O {Almost in all
games of this line White tried to prove superiority of the light-squared
bishop over the black knight, but in most cases failed to obtain advantage.}
16. Bg5 (16. Nd4 {was also tested}) (16. Ng5 h6 17. Bh7+ Kh8 18. Nxe6 Nxe6 19.
Bf5 {An attempt to improve upon Anand's play.} (19. Be4 Rad8 20. Be3 Bg5 21.
Bxg5 hxg5 22. Kf1 g6 23. Rac1 Kg7 {1/2-1/2 Anand,V-Greenfeld,A/Haifa 2000/CBM
74 ext (54). (54) and Black succeeded to equalize.}) 19... Rad8 20. Be3 Bg5 21.
Bxg5 hxg5 22. Bxe6 fxe6 23. Kf1 c5 24. Rd6 Rxd6 25. exd6 Rd8 26. Rd1 Kg8 27.
Ke2 Kf7 28. Kf3 c4 29. a4 bxa4 30. Rd4 e5 31. Rxc4 Rxd6 32. Rxa4 $11 {1/2-1/2
Baramidze,D-Belikov,V/Dortmund GER 2003/The Week in Chess 457 (39). (38)})
16... Bxg5 17. Nxg5 h6 18. Bh7+ Kh8 19. Nxe6 Nxe6 20. Be4 Rad8 21. g3 Rfe8 22.
Bc6 Re7 23. a4 Nd4 24. axb5 axb5 25. Bxb5 Nf3+ 26. Kg2 Rb8 $1 $11 27. Be2 {
1/2-1/2 Svidler,P-Kramnik,V/Dortmund GER 2004/The Week in Chess 508 (27).}) (
15... Rd8 {This move was discussed in a number of correspondense chess games.
Also here black was able to keep an equality.} 16. Nd4 Bg4 17. f3 Ne6 18. Nxb5
(18. Nxe6 Rxd1+ 19. Bxd1 Bxe6 20. Be3 O-O 21. a4 Rb8 22. axb5 Rxb5 23. Rxa6 g6
24. Ra7 Rxe5 25. Kf2 Rb5 26. Be2 Rb4 {1/2-1/2 Sferle,M-Vosselman,J/ICCF Email
2002/ICCF Telechess CBM 94 (26)}) 18... Rxd1+ 19. Bxd1 Bc5+ 20. Kh1 axb5 21.
fxg4 Bd4 22. a4 bxa4 23. Rxa4 Ke7 24. Bg5+ {1/2-1/2 Sabaev,S-Van Wieringen,C/
ICCF Email 2001/ICCF Telechess (24).}) (15... Bg4 {took place in a game of
amateur players.}) 16. Bf4 c5 {Black connects the pawns and covers the
d4-square.} 17. Be4 O-O-O {[%cal Gd7b6] Fritz likes this move, but some GMs
who took part in the post-mortem considered it to be too dangerous.} ({So we
analysed} 17... Rc8 $5 {[%csl Rc6]} 18. Bb7 Rb8 19. Bxa6 O-O {[%cal Gb8b6]} ({
Also} 19... Rb6 $5 {is interesting} 20. Bc8 Nxe5 21. Bxe5 Bxc8 22. Bxg7 Rg8 23.
Be5 Bb7 $44) 20. Ng5 $1 (20. Bg5 Bxg5 21. Nxg5 Nxe5 22. Nxe6 fxe6 23. Rd6 c4 {
[%cal Ge5d3]}) 20... Bxg5 21. Bxg5 c4 $1 {[%cal Gd7c5,Gd7e5] with chances for
equality.}) 18. Ng5 {Jonkman decided to trade one of the bishops which looks
like a rather natural approach.} Nb6 $6 {An inaccuracy which allows White to
seize initiative. My point was to sacrifice a pawn and to create some
counterplay.} ({In case of correct} 18... c4 $1 {[%cal Gd7c5] I wouldn't have
problems to equalize.}) 19. Nxe6 ({It was possible to accept the challenge with
} 19. Rxd8+ Rxd8 20. Bxh7 $5 ({Less clear is} 20. Nxe6 fxe6 21. Bxh7 g5 22. Bg3
(22. Be3 Nc4 {[%cal Gc4e3,Gc4b2]}) 22... Rd2 (22... c4) 23. b3 (23. f4 gxf4 24.
Bxf4 Rxb2 {[%cal Gb6d5]}) 23... Nd5 {[%cal Gc5c4] and Black's counterplay
shouldn't be underestinated.}) 20... Na4 (20... Bxa2 21. Bc2 Bd5 22. Rxa6 Kb7
23. Ra1 Nc4 24. b3 Nxe5 25. Bxe5 f6 26. Bc3 fxg5 27. Bxg7) 21. b3 Nc3 22. Nxe6
fxe6 23. Be3) 19... fxe6 20. b3 $1 {White restricts mobility of my knight.} (
20. Rxd8+ Rxd8 {-19.Rxd8}) 20... g6 ({I had to sacrifice a pawn again to avoid
the annoying pins which occuried in the game.} 20... c4 $1 21. Be3 Nd5 22. bxc4
Nxe3 23. fxe3 Bc5 (23... b4 24. c5 $5) 24. Kf2 b4) (20... Nd5 21. Bd2 $14 {
[%cal Gf2f5,Gd2a5]}) 21. Be3 Rxd1+ ({Now neither} 21... Nd5 {nor 21...c4?? is
possible.} 22. Bxc5 Nc3 23. Rxd8+ Kxd8 24. Bb6+ Kd7 25. Bf3 $16) 22. Rxd1 Rd8
23. Rc1 {[%csl Rc5] White is taking care of the c5-pawn.} ({A possible
alternative} 23. Rxd8+ Kxd8 24. Bb7 a5 25. Ba6 b4 $14 {[%cal Gb6d5,Gd5c3]})
23... Kb8 24. g3 (24. Kf1 $5 {[%cal Gf1e2,Ge3c5]}) 24... Rc8 {[%cal Gb6d5]
Frankly speaking I wasn't very optimistic about my position at this point.} 25.
Rd1 Kc7 $1 {[%cal Gc5c4] Protecting the knight I prepare c4.} 26. h4 ({After
the game Harmen showed me the following idea.} 26. Bg2 {[%cal Gg2h3]} Bf8 27.
Bh3 Re8 28. Rc1 Kc6 (28... Nd7) 29. Bg2+ Nd5 30. Bxc5 Bxc5 31. b4 {However
analyses shows that Black is able to keep an equality.} Kb6 32. bxc5+ Kc6 $13 {
[%cal Gb5b4,Ga6a5,Ga5a4] and black creates counterplay on the queenside.})
26... c4 27. Rc1 {Here it looks that I can hardly move, but despite being in
the time-trouble I managed to find some counterplay.} a5 $1 {[%cal Ga5a4] Some
counterplay on the queenside is vital as White is ready to win some material
on the kingside.} 28. h5 {White breaks through on the kingside.} ({In case of} 
28. bxc4 Nxc4 29. a4 Kb8 $1 30. axb5 Nxe3 31. Rxc8+ Kxc8 32. fxe3 a4 {Black is
out of danger.}) 28... gxh5 29. Bxh7 a4 (29... Kb7 {[%cal Gb7a6] was possible,
but I didn't want to move my king away from the action.}) 30. Be4 {White
underestimates my threats.} (30. Bg6 $142 Ba3 31. Rc2 axb3 32. axb3 Nd5 33.
Bxh5 (33. bxc4 Nxe3 34. fxe3 b4 $44 {and the b-pawn is very strong.}) 33...
Nxe3 34. fxe3 Kd7 35. Be2 cxb3 36. Bxb5+ Kd8 37. Rxc8+ Kxc8 38. Bc4 b2 39. Ba2
$11) 30... axb3 (30... Ba3 31. Rc2 axb3 32. axb3 {leads to transposition and
avoids 32.Ra1 which is in fact not dangerous anyway.}) 31. axb3 Ba3 32. Rc2 (
32. Ra1 b4 $1 {[%csl Gb4]}) 32... b4 {An optimistic move which in fact allowed
me to win the game in the mutual time-trouble.} ({Much safer is} 32... Nd5 $5
33. bxc4 Nxe3 34. fxe3 b4 {[%csl Gb4] and the b-pawn is dangerous again.}) 33.
bxc4 Na4 $1 {Probably Jonkman missed this move and starting from this point he
loses the thread and the game.} 34. Rd2 $2 ({Correct was} 34. c5 $1 {[%cal
Gc2c4] freeing the c4-square for the rook.} b3 35. Rc4 Nb2 $1 36. Rc1 (36. Rc3
Rb8) 36... Rb8 $44) 34... b3 $1 35. Kg2 ({It wasn't late to stop the b-pawn
with} 35. Rd3 $5 {[%cal Gd3a3]} Rb8 {[%cal Ga3c5]} 36. Ba7 $1 Rb4 $13 {[%cal
Ga3c1]}) 35... Bc1 $1 (35... Nc3 $5 {[%cal Gb3b2]}) 36. Rd3 $6 (36. Rd6 {
was safer trying to pick up some pawns and then to sacrifice his bishop for
the b-pawn.}) 36... b2 37. Rb3 Bxe3 38. fxe3 $2 {loses on the spot.} (38. Rxe3
$8 Rb8 39. Bb1 Rb4) 38... Nc5 {[%csl Rb3,Re4]} 39. Rxb2 $19 {White played this
move and figured out that he lost on time.} ({However the position after} 39.
Rxb2 Nxe4 $19 {is anyway lost.}) 0-1

[Event "Leonid Stein Memorial"]
[Site "Lvov"]
[Date "2000.05.14"]
[Round "3"]
[White "Ivanchuk, Vassily"]
[Black "Krasenkow, Michal"]
[Result "1/2-1/2"]
[WhiteElo "2709"]
[BlackElo "2661"]
[Annotator "Mikhalevski,V"]
[PlyCount "117"]
[EventDate "2000.05.12"]
[EventType "tourn"]
[EventRounds "10"]
[EventCountry "UKR"]
[EventCategory "17"]
[SourceTitle "CBM 077"]
[Source "ChessBase"]
[SourceDate "2000.07.27"]
[SourceVersion "1"]
[SourceVersionDate "2000.07.27"]
[SourceQuality "1"]

1. e4 e5 2. Nf3 Nc6 3. Bb5 a6 4. Ba4 Nf6 5. O-O Nxe4 6. d4 b5 7. Bb3 d5 8. dxe5
Be6 9. Be3 Be7 10. c3 O-O 11. Nbd2 Qd7 12. Re1 ({Immediate} 12. Nxe4 {leads to
a slightly better ending after} dxe4 13. Qxd7 Bxd7 14. e6 $5 (14. Rfd1 $5 Rad8
15. Rxd7 $1 {This blow is working thanks to the position of black king on g8.
Below you can find a position with the king on h8.Then it won't work.} (15. Ng5
Nxe5 16. Nxe4 Bc8 17. Bc5 Bxc5 18. Nxc5 Nd7 19. Nxd7 Rxd7 20. Rxd7 Bxd7 21. f3
Rd8 22. Rd1 Kf8 23. Kf2 Ke7 24. Ke3 c5 25. Rd5 Rc8 26. g3 {1/2-1/2 Wessbecher,
H-Rothacher,D/Germany 1993/GER (26)}) 15... Rxd7 16. e6 exf3 (16... Rd3 $142
17. exf7+ Kh8 18. Nd2 Na5 $1) 17. exd7 Ne5 (17... Rd8 $142 18. Rd1 Bd6 (18...
Nb8 $5 19. Bf4 Rxd7 20. Rxd7 Nxd7 21. Bxc7 $14)) 18. Rd1 Rd8 19. Bf4 Bd6 20.
Bxe5 Bxe5 21. Re1 $18 {[%csl Rg8] 1-0 Hansen,M-Nielsen,J/DEN 1989/EXT 2000 (25)
}) (14. Nd2 Nxe5 15. Nxe4 Bc6 16. Ng3 Nd3 17. Nf5 Rfe8 18. Rab1 Bf8 19. Rfd1
Be4 20. Ng3 Bg6 21. h4 h5 22. Bd5 Rad8 23. Bf3 Bd6 24. Ne2 Ne5 25. Rbc1 Nc4 $17
{0-1 Rosen,L-Lasker,E/Paris 1900/HCL (56)}) 14... Bxe6 15. Bxe6 fxe6 16. Nd2
Ne5 17. Nxe4 Nd3 {The same position with white rook on e1 and black king on h8
you can find after 12.Re1 Kh8 13.N:e4} (17... Nc4 $5 $146 18. Bc1 Rf5 19. b3
Nd6 20. Ng3 Rd5 21. Be3 Bf6 22. Rac1 Kf7 23. Rc2 Rd8 24. Re1 Rd3 25. Bd4 Rd7
26. Ne2 Nf5 27. Bxf6 gxf6 28. g3 e5 29. b4 Rd1 30. Kf1 h5 $15 {0-1 Thipsay,
P-Sasikiran,K/Guntur, AP IND 2000/The Week in Chess 284 (62)}) 18. b3 $14 {
1/2-1/2 Ravi,T-Dridi,A/Moscow 1994/CBM 44 ext (38)}) 12... Kh8 {Very rare move
introduced by my brother,Mikhalevski Alexander,many years ago.} ({Much more
popular is} 12... Rad8 {However usually this position arises by different
moves order(10...Qd7,11...Rad8,12...0-0)}) 13. Nxe4 {Most logical reaction.} (
13. Qe2 f5 14. exf6 Nxf6 15. Bg5 Bg8 16. a4 b4 17. a5 bxc3 18. bxc3 Bc5 19.
Bxf6 Rxf6 20. Ba4 Qd6 21. Nb3 Ba7 22. Nfd4 Nxd4 23. cxd4 Raf8 24. Rf1 Qb4 25.
Qe1 Rb8 $15 {0-1 Stisis,Y-Mikhalevski,A/ISR 1992/TD (54)}) (13. Bc2 f5 14. exf6
Nxf6 15. Nb3 Bg4 16. Bc5 Bd6 $11 {0-1 Sanchez Almeyra,J-Mikhalevski,A/Biel
1992/CBM 31 ext (67)}) 13... dxe4 14. Qxd7 Bxd7 15. e6 {Typical idea in these
positions.White damages pawn structure in the rival's camp hoping to get
slight,but long-lasting edge.} (15. Red1 $5 {Interesting idea.See above the
same one with black king on g8(12.N:e4)} Rad8 16. Ng5 Nxe5 17. Nxe4 $14 {
1/2-1/2 Gurevich,G-Mikhalevski,A/ISR 1992/TD (50)}) 15... Bxe6 16. Bxe6 fxe6
17. Nd2 Ne5 {[%cal Ge5d3] This manoeuvre is also typical.Black is trying to
compensate drawbacks of his pawn structure by strong position of his knight.} (
17... Kg8 $6 18. Nxe4 Rf5 19. Re2 Rd8 20. g3 Rfd5 21. Kg2 Rd1 22. Rxd1 Rxd1 23.
Bc5 Bd8 24. c4 $1 $16 {[%csl Rb5,Re6][%cal Ge4c3] 1-0 Renet,O-Boudre,J/Clichy
1995/CBM 51 ext (40)}) 18. Nxe4 Nd3 19. Re2 c5 {[%cal Gc5c4] Most logical.
Black has been straightening his pawn structure preparing to strengthen
position of his knight.} 20. f3 $1 {[%cal Ge4f2] In fact only this move is new.
Ivanchuk finds an interesting idea.He wants to exchange strong black knight
while defects of Black's pawn structure remain.} ({In one of my games White
continued} 20. Rd2 c4 21. b3 {Rytshagov-Mikhalevski,V/Donner memorial 1995.})
20... c4 21. Nf2 Rad8 22. Nxd3 $1 cxd3 (22... Rxd3 23. Bf2 Bf6) 23. Rd2 {
[%csl Rd3][%cal Ga1d1]} Rd5 24. Rad1 Rfd8 25. f4 $1 {[%csl Rd3][%cal Gg1f2,
Gf2f3,Gf3e4]} Bf6 {[%cal Ge6e5]} (25... g5 {was interesting with the idea to
support the d3-pawn or ctreate objects of attack in White's camp.} 26. g3 $1 {
[%csl Rd3][%cal Gg1g2,Gg1f2,Gf2f3,Gg2f3,Gf3e4]} (26. Bb6 $6 R8d7) (26. fxg5 e5
$13 {[%cal Ge5e4,Gh8g7,Gg7g6]}) 26... gxf4 27. gxf4 Kg8 (27... Bd6 28. Kg2 Rf8
29. Rxd3 Rxd3 30. Rxd3 Bxf4 31. Bxf4 Rxf4 32. Rd6 $16 {[%csl Ra6,Re6] /+=}) 28.
Kf2 $14 {[%csl Rd3][%cal Gf2f3,Gf3e4,Ge3d4,Gf2e3]}) 26. g3 $1 {[%csl Rd3,Gg2]
[%cal Gf3e4,Gg1g2,Gg2f3] White has been preparing new route for his king:
Kg1-g2-f3-e4.} ({Immediate} 26. Kf2 $5 {[%cal Gf2f3,Gf3e4] was also possible,
but allowed} e5 {trying to open the f-file.Now the idea introduced in the game
doesn't work as after27.fe B:e528.Bd4Black takes on d4 with check.That's why
White need the g2-square for his king!} 27. Kf3 exf4 28. Bd4 $1 (28. Bxf4 $6 g5
(28... R5d7 $5 29. Ke4 Re8+ 30. Kf3 Red8) 29. Bc7 R8d7 30. Ke4 b4 $1) 28... Kg8
29. Rxd3 Be5 $1 (29... g5 30. Ke4 $1 $14) 30. Ke4 Bc7 31. Bf2 Rxd3 32. Rxd3
Re8+ 33. Kf3 $14 {[%csl Rc7,Rf4]}) 26... h5 (26... e5 {doesn't save the
d3-pawn.} 27. Bb6 $3 {Forcing the rook to leave 8-th rank which is very
important.} (27. fxe5 Bxe5 28. Kg2 $2 {[%cal Ge3d4]} (28. Bb6 $142 $1 R8d7 (
28... Rb8 29. Rxd3 Rxd3 30. Rxd3 {[%csl Rh8]}) (28... R8d6 29. Bc7) 29. Kg2 {
see 27.Bb6!!}) 28... Bf6 $1 {Opening the e-file for the rooks.} 29. g4 {
[%cal Gg2f3]} ({Now} 29. Bd4 {doesn't yield much in view of} Re8 $1 30. Rxd3 (
30. Kf3 h5 $1 31. Rxd3 $140 Rf5+ 32. Kg2 Re2+) (30. Bf2 $5) 30... Re2+ 31. Kf3
Rxb2 32. Bxf6 Rxd3+ (32... Rf5+ $4 33. Ke4 {[%csl Rh8]}) 33. Rxd3 gxf6 34. Rd6
Rxa2 35. Rxf6 $11) (29. Bb6 {Now it's too late as Black can leave the d-file}
Re8 $1 30. Kf3 $140 h5 $1 {[%cal Gd5f5]}) 29... h5 $1 30. h3 (30. Bd4 Re8 $1
31. Rxd3 Re2+) (30. gxh5 Bg5 $11) 30... hxg4 31. hxg4 Bg5 $1 32. Bxg5 Rxg5 33.
Kf3 (33. Rxd3 Rxd3 34. Rxd3 Rxg4+ 35. Kf3 Rg6 $11) 33... Rgd5 34. Ke4 $1 Rg5
$11) 27... R8d7 (27... Rb8 28. Bc7 $16) (27... Re8 28. Rxd3 Rxd3 29. Rxd3 exf4
30. gxf4 Re2 $140 31. Re3 $1) 28. fxe5 Bxe5 29. Kg2 $1 {[%cal Gb6d4]} Kg8 (
29... Bf6 30. Bd4 Re7 31. Rf2 $1 $16 {[%csl Rd3,Rh8][%cal Gd1d3,Gf2f6] The
point of Bb6!!}) (29... b4 30. c4 R5d6 31. Bc5 Rc6 32. Rxd3 Rxd3 33. Rxd3 Kg8
34. Bxb4 Rxc4 35. Bc3 $16) 30. Bd4 Bxd4 31. Rxd3 Re7 32. R3d2 $1 $16 {[%cal
Gc3d4]}) 27. Kg2 {[%csl Rd3][%cal Gg2f3,Gf3e4]} e5 28. fxe5 Bxe5 29. Bd4 $1 {
[%csl Rd3]} Kh7 30. Rxd3 $16 b4 $1 {[%mdl 256] At least creating some
weaknesses.} 31. Kf3 (31. R3d2 $5 {[%cal Gd4e3]}) 31... bxc3 32. bxc3 Bf6 33.
R3d2 (33. Ke4 $1 Ra5 $1 34. Bxf6 Re8+ $1 35. Kd4 (35. Kf4 Rf8 $1) 35... gxf6
36. R1d2 $16) 33... Ra5 $1 34. Ke2 (34. Bxf6 Rf8 $1 {Black keeps all the rooks
and creates counterplay.} (34... Rxd2 $2 35. Rxd2 gxf6 $18)) 34... Rc8 35. Rf1
Rc6 36. Kd3 Kg6 37. Rb1 Rf5 38. Rb4 Rf3+ 39. Ke4 Rf5 (39... Rfxc3 $2 40. Bxc3
Bxc3 41. Rc2 Re6+ 42. Kd5 Re5+ 43. Kd6 $18) 40. Ra4 Re6+ 41. Kd3 {It's not
easy to make progress.White need exchange a rooks pair to prevent any
counterplay.} Rc6 42. Rb2 Re6 43. Rab4 Ra5 44. Rb6 $1 Kf7 (44... Rxb6 45. Bxb6
{[%cal Gb6d4]}) 45. Rxe6 Kxe6 46. Bxf6 gxf6 47. c4 $18 {Now White is winning.
Black has no counterplay.Just some accuracy is still required.} h4 $1 {[%mdl
256] Looking for counterplay.} 48. gxh4 Ra3+ 49. Kd4 Rh3 50. Kc5 Rxh4 51. a4 $2
{[%mdl 16384]} (51. Rc2 $1 {[%cal Gc5b6] was necessary liberating the king.}
Kd7 52. Kb6 {[%cal Gc2d2]} f5 53. Rd2+ $1 (53. c5 $143 Rb4+ $1 54. Kxa6 Kc6 {
[%csl Ra6]}) 53... Kc8 54. c5 {and White should win.}) 51... Kd7 $1 {[%cal
Gd7c7,Gh4h5] Intending to put his king on c7.} 52. Rb7+ Kc8 53. Rf7 Rxh2 54.
Kb6 Rb2+ (54... Rh4 55. c5 Rb4+ 56. Kc6 (56. Kxa6 {see 54...Rb2 55.Ka6 Rb4 56.
c5}) 56... Kb8 57. a5) 55. Kc6 $1 (55. Kxa6 Rb4 {Black also can wait.} 56. c5
Rxa4+ {Not necessary again.} 57. Kb6 {Now only Black's problem is his f-pawn
which prevents checks from the long side.} Rc4 $1 58. Kc6 Kb8 $1 59. Rf8+ Ka7
60. Rc8 $1 (60. Kd6 Kb7 $1) (60. Rxf6 Kb8 {leads to a theoretical draw.}) 60...
f5 $1 61. Kd7 f4 $1 62. c6 f3 (62... Rd4+ $5 63. Kc7 f3 64. Rf8 Rh4 65. Kc8 f2
66. c7 f1=Q 67. Rxf1 Rh8+ 68. Kd7 Rh7+ 69. Kc6 Rh6+ $11) 63. Rf8 Kb6 64. Rb8+ (
64. Rxf3 Rd4+ $1 $11) 64... Ka7 65. Rb7+ Ka6 66. Rb2 Rd4+ $1 67. Ke6 (67. Kc8
Rf4 $11) 67... f2 $1 68. c7 (68. Rxf2 Kb6 $11) 68... Rc4 $11) 55... Kb8 $1 {
[%mdl 256] The king has to be on the short side.} 56. c5 (56. a5 $142 $5) 56...
a5 57. Rxf6 Rb4 $11 {Now Black always can save his skin supporting the a-pawn
with the king and giving up the rook for the c-pawn when necessary.} 58. Kd7 (
58. Rf8+ Ka7 59. Kd7 (59. Rh8 Rxa4 60. Kb5 Rb4+ 61. Kxa5 Rb1 62. c6 Rb5+ $1 $11
) 59... Rd4+ 60. Kc7 Rxa4 $11 {See previous comment.}) 58... Rxa4 59. Rb6+ (59.
Rb6+ Ka7 60. Rd6 ({Or} 60. Rb1 Rh4 61. c6 Rh7+ $11) 60... Rc4 61. c6 Kb6 62.
Rd1 a4 63. Rb1+ Ka5 $11 {with an easy draw.}) 1/2-1/2

[Event "Schahin Cury"]
[Site "Americana"]
[Date "1997.07.09"]
[Round "2"]
[White "De Toledo, James Mann"]
[Black "Sorin, Ariel"]
[Result "1/2-1/2"]
[WhiteElo "2395"]
[BlackElo "2460"]
[Annotator "Mikhalevski,V"]
[PlyCount "58"]
[EventDate "1997.07.08"]
[EventType "tourn"]
[EventRounds "10"]
[EventCountry "BRA"]
[EventCategory "9"]
[SourceTitle "CBM 061"]
[Source "ChessBase"]
[SourceDate "1997.11.23"]
[SourceVersion "1"]
[SourceVersionDate "1997.11.23"]
[SourceQuality "1"]

1. e4 e5 2. Nf3 Nc6 3. Bb5 a6 4. Ba4 Nf6 5. O-O Nxe4 6. d4 b5 7. Bb3 d5 8. dxe5
Be6 9. Be3 Be7 10. c3 Qd7 11. Nbd2 Rd8 12. Re1 O-O 13. Bc2 f5 ({The
alternative is} 13... Nxd2 {For example} 14. Qxd2 Bf5 15. Rad1 Rfe8 16. h3 ({
Krasenkow} 16. Bf4 $146 Qe6 17. Bg3 Qg6 18. Bxf5 Qxf5 19. Qe3 $1 $14 Qg6 $5 (
19... Bf8 20. Nd4 (20. h3 Qg6) 20... Qg6 21. f4) 20. Nd4 Bc5) 16... h6 17. Bf4
Qe6 18. Bg3 Qg6 19. Bxf5 Qxf5 20. Qe3 Bf8 21. Nd4 Nxd4 (21... Qg6 22. f4 Nxd4
23. cxd4 c5 24. dxc5 Bxc5 (24... d4 25. Qf3 $14) 25. Qxc5 Qxg3 26. Qf2 (26. Rf1
d4 27. Rf3 Qg6 28. Rfd3 (28. f5 Qg5 29. Rxd4 Rc8) 28... Qe6 29. Rxd4 Rxd4 30.
Rxd4 Qxa2 $14) 26... Qxf2+ 27. Kxf2 d4 $1 28. Ke2 (28. Re4 f6 29. Rexd4 Rxd4
30. Rxd4 fxe5 31. Re4 Rf8 $10) (28. Kf3 g5 $1) 28... g5 (28... f6 29. Kd3 fxe5
30. Rxe5 Rxe5 31. fxe5 Rf8 32. Rd2 Rf4 $10) 29. g3 f6 30. Kd3 gxf4 31. gxf4 Kf7
32. Rc1 fxe5 33. fxe5 (33. Rxe5 Rxe5 34. fxe5 Ke6 35. Rc6+ Kxe5 36. Rxh6 Rg8
37. Rh5+ Kd6 38. Kxd4 Rg2 $10) 33... Re6 34. Rc5 (34. Re4 Rd5 35. Rf4+ Ke8 $10)
34... Rg6 35. Rc7+ Ke8 36. e6 Rd6 37. e7 Rge6 38. Rxe6 Rxe6 39. Ra7 Re3+ 40.
Kxd4 Rxh3 41. b3 Rh5 {1/2-1/2 Lautier,J-Krasenkow,M/Erevan olm 1996}) 22. cxd4
Be7 23. Qc3 Qe6 24. Rc1 c5 25. dxc5 d4 26. Qd3 Qxa2 27. c6 Qxb2 28. c7 Rc8 29.
Rc6 Bb4 30. Re4 Qd2 31. Qb3 Re7 32. Bf4 Qe1+ 33. Rxe1 Bxe1 34. e6 Ba5 35. Qa3 {
1-0 Anand,V-Kamsky,G/Monaco rapid 1995/EXP 46}) 14. exf6 Nxf6 15. h3 (15. Bg5
$5 $146 Bd6 16. Nf1 h6 17. Bh4 Bf5 18. Bb3 Kh8 19. Bxf6 Rxf6 20. Qxd5 Bg4 21.
Nd4 Nxd4 22. Qxd4 Rdf8 23. Ne3 Rf4 24. Qd3 Bh5 25. Bc2 g6 26. f3 Rh4 27. Nf1
Qc6 28. Ng3 Qc5+ 29. Re3 Qg5 {Bar,A-Kobrin,M/ISR-ch U18 1997/EXP 58/0-1 (40)})
(15. Qb1) (15. a4) (15. Ng5) (15. Nb3 {All these moves have already tried
before.}) 15... Bd6 (15... Bf5 $1 {is much simplier.} 16. Bxf5 Qxf5 17. Nb3
Rfe8 $11 {1/2-1/2 Fogarasi,T-Gyimesi,Z/Budapest FS03 GM 1996/CBM 53}) 16. Qe2 {
/\a4} (16. Qb1 {looks more natural,but white has to take in consideration} Bxh3
$1 17. gxh3 (17. Ng5 Bg4 18. Bxh7+ (18. Nxh7 Nxh7 19. Bxh7+ Kh8 $13) 18... Kh8
$13) 17... Qxh3 18. Bf5 Ng4 {and black has good attacking prospects.}) 16...
Rde8 $1 ({Now} 16... Bxh3 17. gxh3 Qxh3 {is not dangerous for white because of}
18. Qf1 $16) ({Now after} 16... Bf5 17. Bxf5 Qxf5 18. a4 Qd7 19. axb5 axb5 20.
Qxb5 Rb8 21. Qd3 Rxb2 {white has very unpleasant continiuation} 22. Bg5 $16)
17. a4 $1 Ne5 $1 18. Nxe5 Bxe5 19. Nf3 (19. axb5 axb5 20. Bc5 Bd6 21. Bxd6 Qxd6
$1 22. Qxb5 Rb8 $11) 19... Bd6 20. Ng5 {Otherwise the threat B:h3 is very
unpleasant.For instance} (20. axb5 axb5 21. Nd4 {is dangerous because of the
same tipical sacrifice} (21. Ra7 $6 {/\Bd3} Bxh3 $1 22. gxh3 Qxh3 $40) 21...
Bxh3 22. gxh3 Qxh3 {and now} 23. Qf3 {is the best defence} (23. f3 $2 Rxe3 $1
24. Qxe3 Bh2+ 25. Kf2 Ng4+ $19) 23... Bh2+ 24. Kh1 Bg3+ 25. Kg1 {Now black can
chose between perpetual check by 25...Bh2 or to try} Qh2+ 26. Kf1 Ng4 $1 {
.Anyway white shouldn't play 21. Nd4}) 20... Bf5 21. Bxf5 Qxf5 22. axb5 axb5
23. Nf3 (23. Qxb5 $2 Rxe3) 23... b4 (23... Qd7 $5) 24. c4 Nh5 25. Ra5 $1 (25.
Qf1 Nf4 26. Bxf4 (26. c5 Rxe3 $1 {/\B:c5}) 26... Bxf4 {and black is OK.For
example} 27. Red1 Qc2 $1 28. Rxd5 Qxb2 29. Rb1 Qc3) 25... Nf4 26. Qd1 Nxh3+ 27.
gxh3 Qxf3 28. Qxd5+ Qxd5 (28... Rf7 $5) 29. Rxd5 Bf4 $1 $11 {The simpliest way
to equalize.} 1/2-1/2